| 000 | 00849 a2200217 4500 | ||
|---|---|---|---|
| 005 | 20080908115827.0 | ||
| 008 | 080908t xxu||||| |||| 00| 0 eng d | ||
| 010 | _aENG-87608 | ||
| 020 |
_c350.00 _a0070659753 |
||
| 035 | _aEN-71141 | ||
| 037 | _bD.B.Act / Pub | ||
| 082 | _a658.45 | ||
| 100 | _aBooher, Dianna | ||
| 245 |
_aThe voice of authority _cby Dianna Boooher _b10 communication strategies every leader needs to know |
||
| 260 |
_aNew Delhi _bTata McGraw-Hill Publishing _c2007 |
||
| 270 |
_a7, West Patel Nagar _bNew Delhi _e110008 |
||
| 300 |
_avii, 212 p. _c22 cm. (Hb). |
||
| 500 | _aIncludes index | ||
| 942 |
_adpl _cEN _k658.45 / BOO _2ddc _h658.45 _mBOO |
||
| 999 |
_c6745 _d6745 |
||